Informačný systém pre plánovité riadenie menového vývoja ŠPEV V-1/5.2.03

Guardado en:
Detalles Bibliográficos
Formato: Libro
Lenguaje:eslovaco
Publicado: Bratislava Výskumný ústav fin. a úver. sústavy 1980
Colección:Výskumné práce VP 8/80
Etiquetas: Agregar Etiqueta
Sin Etiquetas, Sea el primero en etiquetar este registro!

MARC

LEADER 00000nam a2200000 4500
001 c126951
005 20221128070102.9
041 0 |a slo 
044 |a SK 
245 1 0 |a Informačný systém pre plánovité riadenie menového vývoja  |b ŠPEV V-1/5.2.03 
264 1 |a Bratislava  |b Výskumný ústav fin. a úver. sústavy  |c 1980 
300 |a 119 s. 
490 1 |a Výskumné práce  |v VP 8/80 
830 0 |a Výskumné práce  |v VP 8/80